Introducción a la filosofía de la cultura /

Uloženo v:
Podrobná bibliografie
Hlavní autor: Larroyo, Francisco (autor)
Médium: Kniha
Jazyk:španělština
Vydáno: México : Porrúa, 1978
Vydání:3a edición
Témata:
Tagy: Přidat tag
Žádné tagy, Buďte první, kdo vytvoří štítek k tomuto záznamu!

MARC

LEADER 00000nam^a2200000^a^4500
001 000000876
005 20250521000000.0
009 20260310083044.444
037 |a Acervo ITESO - Biblioteca 
041 |a ESP 
082 |a 101.  |b LAR 
100 |a Larroyo, Francisco  |e (autor) 
245 1 0 |a Introducción a la filosofía de la cultura /  |c F. Larroyo. 
250 |a 3a edición 
264 1 |a México :  |b Porrúa,  |c 1978 
300 |a 656 p. 
336 |a texto  |b txt  |2 rdacontenido 
337 |a sin mediación  |b n  |2 rdamedio 
338 |a volumen  |b nc  |2 rdasoporte 
649 |a XX 
650 |a Filosofía 
650 |a Cultura 
910 |a Fondo General 
920 |a Impresos - Libros 
930 |a Colección General 
905 |a 101 
901 |a 0008760100  |b IT1  |c ACC  |i 000876  |u 20250521 
902 |a https://opac.biblio.iteso.mx/vufind/Record/000000876